| 000 | 00963nas a2200325 4500 | ||
|---|---|---|---|
| 001 | BR0700149 | ||
| 003 | BR-BrBNA | ||
| 005 | 20231205110456.0 | ||
| 007 | ta | ||
| 008 | 230509b bl.|||p| |||| 00| 00por d | ||
| 040 |
_aBR-BrBNA _bpor _cBiblioteca Nacional de Agricultura |
||
| 041 | _a(Pt) | ||
| 072 | _aL73 | ||
| 100 | 1 | _aRibeiro, M.G. | |
| 100 | 1 | _aCarvalho Filho, A.S. de | |
| 100 | 1 | _aMegid, J. | |
| 100 | 1 | _aListoni, F.J.P. | |
| 100 | 1 | _aDias Junior, J.G. | |
| 245 | 1 | _aEfeito in vitro da josamicina em cepas de Rhodococcus equi isoladas de afecções pulmonares em potros | |
| 650 | _aPOTRO | ||
| 650 | _aBACTÉRIA | ||
| 650 | _aBACTERICIDA | ||
| 650 | _aPULMÃO | ||
| 650 | _aDOENÇA RESPIRATÓRIA | ||
| 650 | _aVETERINÁRIA | ||
| 650 | _aRESISTÊNCIA A PRODUTOS QUÍMICOS | ||
| 773 | 0 |
_tSemina (Brazil) _xISSN 0101-3742 _g(Mar 2000), v. 21(1) p. 3-8 _wBR0700149 |
|
| 909 |
_a202311 _bLúcia _c55 _dLúcia Elande |
||
| 942 |
_2AGRIS _n0 _cANA |
||
| 999 |
_c187558 _d187558 |
||